A Textbook of physical chemistry (Record no. 563)

MARC details
000 -LEADER
fixed length control field 00569nam a22002177a 4500
003 - CONTROL NUMBER IDENTIFIER
control field OSt
005 - DATE AND TIME OF LATEST TRANSACTION
control field 20251005020003.0
008 - FIXED-LENGTH DATA ELEMENTS--GENERAL INFORMATION
fixed length control field 141022b xxu||||| |||| 00| 0 eng d
020 ## - INTERNATIONAL STANDARD BOOK NUMBER
International Standard Book Number 9788122420050
020 ## - INTERNATIONAL STANDARD BOOK NUMBER
International Standard Book Number 151088334
040 ## - CATALOGING SOURCE
Transcribing agency 040a
082 ## - DEWEY DECIMAL CLASSIFICATION NUMBER
Classification number 541
Item number NEG 2007
100 ## - MAIN ENTRY--PERSONAL NAME
Personal name Negi, A.S; Anand S.C
9 (RLIN) 1449
245 ## - TITLE STATEMENT
Title A Textbook of physical chemistry
250 ## - EDITION STATEMENT
Edition statement 2nd
260 ## - PUBLICATION, DISTRIBUTION, ETC. (IMPRINT)
Place of publication, distribution, etc. New Delhi
Name of publisher, distributor, etc. New Age international
Date of publication, distribution, etc. 2007
300 ## - PHYSICAL DESCRIPTION
Extent xix, 986p ;
Other physical details ill :
Dimensions 12 cm.
504 ## - BIBLIOGRAPHY, ETC. NOTE
Bibliography, etc includes index
650 ## - SUBJECT ADDED ENTRY--TOPICAL TERM
Topical term or geographic name as entry element physical chemistry
9 (RLIN) 1450
942 ## - ADDED ENTRY ELEMENTS (KOHA)
Source of classification or shelving scheme Dewey Decimal Classification
Koha item type Short Loan
Koha issues (borrowed), all copies 1
Holdings
Withdrawn status Lost status Source of classification or shelving scheme Damaged status Not for loan Home library Current library Date acquired Source of acquisition Inventory number Total Checkouts Full call number Barcode Date last seen Koha item type Total Renewals Date last checked out
    Dewey Decimal Classification     MUST Main Library MUST Main Library 22/10/2014   12/36425   541 NEG 2007 2014-3085 22/10/2014 Short Loan    
    Dewey Decimal Classification     MUST Main Library MUST Main Library 20/03/2015   15/38830 3 541 NEG 2007 2015-0519 10/04/2026 Open Shelf 1 13/02/2025
    Dewey Decimal Classification     MUST Main Library MUST Main Library 20/03/2015 Purchase 15/38558 2 541 NEG 2007 2015-0520 19/03/2021 Open Shelf   19/03/2021
    Dewey Decimal Classification     MUST Main Library MUST Main Library 25/04/2016   11/34262   541 NEG 2007 2016-1330 25/04/2016 Short Loan    
    Dewey Decimal Classification     MUST Main Library MUST Main Library 13/09/2016   16/39759 3 541 NEG 2007 2016-4131 09/12/2025 Book Bank   04/10/2025
    Dewey Decimal Classification     MUST Main Library MUST Main Library 13/09/2016   16/39758 2 541 NEG 2007 2016-4132 30/04/2021 Book Bank   07/04/2021
    Dewey Decimal Classification     MUST Main Library MUST Main Library 13/09/2016   16/39757 3 541 NEG 2007 2016-4133 28/05/2021 Book Bank   16/04/2021
    Dewey Decimal Classification     MUST Main Library MUST Main Library 13/09/2016   16/39756 2 541 NEG 2007 2016-4134 01/12/2021 Book Bank   17/02/2020
    Dewey Decimal Classification     MUST Main Library MUST Main Library 13/09/2016 Purchase 16/39755 2 541 NEG 2007 2016-4135 25/01/2022 Book Bank   28/02/2020
    Dewey Decimal Classification     MUST Main Library MUST Main Library 13/09/2016   16/39754 2 541 NEG 2007 2016-4136 26/05/2021 Book Bank   19/03/2021
    Dewey Decimal Classification     MUST Main Library MUST Main Library 13/09/2016 Purchase 16/39760 1 541 NEG 2007 2016-4137 07/12/2021 Book Bank   29/08/2019
    Dewey Decimal Classification     MUST Main Library MUST Main Library 13/09/2016   16/39761   541 NEG 2007 2016-4138 13/09/2016 Book Bank    
    Dewey Decimal Classification     MUST Main Library MUST Main Library 30/08/2019 Purchase 16/39761 3 541 NEG 2007 2019-0317 27/04/2021 Book Bank   30/03/2021